Proces budovania orgánov štátnej moci a správy na Kube

Bibliographic Details
Format: Article
Language:Slovak
PhysicalDescription:Obr. 2.
Subjects:

MARC

LEADER 00000nab a2200000 a 4500
001 vtls000126119
003 SK-MaSNL
005 20260304171144.0
008 150430c1982 xo 0 slo
015 |a SNBRB19rr/mm-uuuuu 
035 |a CL0136224 
040 |a SNKBUCL  |b slo  |c SNKBUCL  |e AACR2 
041 0 |a slo 
044 |a xo  |c SK 
080 |a 323(100-11)(729.1)  |2 1981 
080 |a 351  |2 1981 
245 0 0 |a Proces budovania orgánov štátnej moci a správy na Kube 
300 |b Obr. 2. 
650 0 7 |a vnútorná politika  |2 snkbucl  |9 970 
651 7 |a Kuba  |2 snkbucl  |9 17345 
655 7 |a články z novín a časopisov  |2 snkbucl  |9 267496 
773 0 |t Národné výbory  |g Č. 16 (1982), s. 28-29 
850 |a Slovenská národná knižnica v Martine  |a MTA001 
852 |a SNK  |b KIS3GCP 
958 |a RK 
958 |a CU 
992 |a RBX 
999 |c 2991920  |d 2993850